Cristianos divorciados vueltos a casar
Saved in:
| Hovedforfatter: | |
|---|---|
| Format: | Bog |
| Sprog: | spansk |
| Udgivet: |
Madrid
Promoción Popular Cristiana
1991
|
| Fag: | |
| Tags: |
Tilføj Tag
Ingen Tags, Vær først til at tagge denne postø!
|
MARC
| LEADER | 00000nam a2200000 a 4500 | ||
|---|---|---|---|
| 001 | UCS6772 | ||
| 003 | CL-VaPUC | ||
| 008 | 971003e19910000SP |||||||||||||||||spa|d | ||
| 082 | 0 | 4 | |a 173 |b LEB |2 21 |
| 100 | 0 | |a Le Bourgeois, A |e author |9 392128 | |
| 245 | 1 | 0 | |a Cristianos divorciados vueltos a casar |
| 300 | |a 181 p | ||
| 942 | |c BK | ||
| 945 | |d 19971003 00:00:00 |a aalvarez | ||
| 260 | |a Madrid |b Promoción Popular Cristiana |c 1991 | ||
| 600 | 0 | |a Iglesia católica |9 255129 | |
| 650 | 0 | |a Divorcio |9 256204 | |
| 650 | 7 | |a MATRIMONIO |2 CL-VaPUC |9 392129 | |
| 583 | |a last modification |c 19971003 00:00:00 |k Rodrigo Vera | ||
| 999 | |c 262352 |d 262350 | ||
| 952 | |0 0 |1 2 |4 0 |6 173_000000000000000_LEB_1991 |7 0 |8 A |9 290743 |a BIBTEO |b BIBTEO |d 2019-11-19 |i 2024209 |o 173 LEB 1991 |p 2024209 |r 2019-11-19 |w 2019-11-19 |x Descarte 2019 |y BK |k ICR | ||